MDQL
is popping MORE tags! Check the
thread
!
Quizzes
Events
Quiz Creation
Community
Videos
Private Events
Remove Ads
Sign In
Join for FREE
Feedback
Dark Mode
Quiz Categories
Sports
Geography
Music
Movies
Television
Just For Fun
Miscellaneous
History
Literature
Language
Science
Gaming
Entertainment
Religion
Holiday
For Kids
Quiz Lab
Recent
Popular Today
Quiz Kudos Today
Editor Picks
Curator Picks
Quizzes by...
Day
Popularity
Type
Ratings
Length
Year
Community
Subscriptions
Recent Discussions
Orange Saloon
Badges
Playlists
Quests
Create
Leaderboards
Showdown
Live 5
Trivia Bingo
Activity
Puzzle Library
Sporcle Events
Private Events
Virtual Trivia
Globe League
Become a Host
Pub Owners
SporcleCon
Opinionation
Our Games
Videos
Blog
Mobile Apps
Partnerships
Remove Ads and Go Orange
Feedback
Literature
Harry Potter
A Song of Ice and Fire
The Hunger Games
Literary Character
Shakespeare
Book
Author
Novel
Poem
Young Adult
Children's Books
Play
Lord of the Rings
Literature
Harry Potter
A Song of Ice and Fire
The Hunger Games
Literary Character
Shakespeare
Book
Author
Novel
Poem
Young Adult
Children's Books
Play
Lord of the Rings
Random Quiz
Search Sporcle
×
Quiz Lab
Quiz Lab
Literature
detail
Type in answers that appear in a list
Type in answers that appear in a list
Classic
Best Score? Go Orange.
Prisoner of azkaban Stats
Can you name the details of prisoner of azkaban?
By
jopads
5m
15 Questions
295 Plays
295 Plays
295 Plays
Comments
Comments
Give Quiz Kudos
Give Quiz Kudos
-
- Ratings
hide this ad
Replay
Link that replays current quiz
Next Quiz
Link to next quiz in quiz playlist
You Got
0%
They Got
Avg Score
51%
Avg Friend Score
Upgrade to see
Score Distribution
Jump to the score distribution portion of the page
Score
0/15
Timer
05:00
0
Plays Today
Question
Answer
% Correct
What is one of the three classes that Hermione has at nine o' clock?
Divination
74.9%
what seeker was the first to beat Harry to the snitch?
Cedric Diggory
69.2%
how many secret tunnels are on the Marauder's Map?
seven
67.8%
what color are the sleeping bags Dumbledore conjures when sirius breaks into gryffindor tower?
purple
63.7%
how many windows from the right of the west tower is the window where sirius is imprisoned?
thirteen
63.4%
What school do the Dursley's tell Aunt Marge Harry is attending?
St. Brutus's Secure Center for Incurably Criminal Boys
63.1%
what is the name of the potion that Professor Lupin must take every month?
Wolfsbane potion
62.4%
How much did Percy bet Penelope Clearwater that Gryffindor would beat Ravenclaw?
10 Galleons
57.6%
Question
Answer
% Correct
What Charms lesson does Hermione miss?
Cheering charms
54.9%
what does the boggart turn into for Seamus?
banshee
50.8%
What is the password to open the hump of the one-
eyed witch?
dissendium
39.3%
how much does it cost to get to London on the Knight Bus without hot chocolate or a toothbrush?
eleven sickles
35.9%
which finger is Pettigrew missing?
pointer finger
33.2%
What does Professor McGonagall order at the Three Broomsticks?
small gillywater
28.8%
What does Dumbledore pull out of his Christmas cracker?
witch hat with a stuffed vulture
7.8%
Quiz Playlist
Details
Report
Send in Message
Add To Playlist
Classic:
Type in answers that appear in a list
Last Updated: Feb 16, 2017
Quiz Scoreboard
CHALLENGE
Sign Up to Join the Scoreboard
Show All
Scores
Hide
Comments
May contain spoilers
Recently Published
Image Sorting: Flags VI
by Barbecue
Geography
2m
Find the 'City' Movie
by crazypaving
Movies
60s
Colored Red Africa Blitz
by spor1
Geography
45s
More to Explore
Quiz From the Vault
Featured Blog Post
14 Easter Pick-up Lines to Find Eggs With
hide this ad
You Might Also Like...
Tags
Azkaban
detail
Prisoner
Today's Top Quizzes in Literature
Browse Literature
hide this ad
Today's Top Quizzes in detail
Browse detail
Top Contributed Quizzes in Literature
1
Sneaky Slytherin Logic Puzzle
2
Harry Potter logic puzzle: The Hogwarts Soap Opera
3
Harry Potter Slytherin Logic Puzzle
4
Get The Picture: Black or White Literature
5
ASOIAF Siblings Logic Puzzle
6
'Middle' Earth
7
A Song of Ice and Fire Logic Puzzle
8
Harry Potter Logic Puzzle 1
9
Logic Puzzle: Avoid Dumbledore's Army
10
Mini Trivia Sudoku: A Song of Ice and Fire
Explore More
Trending Topics
Crossword
Harry Potter
Marvel
NBA
Disney
Kpop
Anime
WWE
Country
Pokémon
Puzzle
Song
NFL
Soccer
The Office
hide this ad
More By:
jopads
Quiz
Plays
Rating
Category
Featured
Created
Literary Romantic Pairings
690
2.90
Literature
Dec 29, 2009
prisoner of azkaban
295
2.00
Literature
Dec 6, 2009
Famous Presidential Quotes
208
2.67
History
Feb 7, 2010
Go to Creator's Profile
Score Distribution
Quiz Creator Spotlight
jopads
Follow
Send a Message
Quizzes Created
-
Created Quiz Play Count
-
More By This Creator
Popular Quizzes Today
1
Colored Red Africa Blitz
2
Find the US States - No Outlines Minefield
3
Find the 'City' Movie
4
5x2 Blitz: Bands
5
The Countries of the World
6
Find the US States
7
Find the Countries of Europe - No Outlines Minefield
8
US States
More Literature Quizzes
Book Titles Missing Surnames
Published
Trending Quizzes
Colored Red Europe Blitz I
Colored Red Europe Blitz II
Colored Red Africa Blitz II
Colored Red Europe Blitz III
Colored Red Africa Blitz III
Recently Updated
How Do You Spell That?
pecheneg
Godzilla Movies
pecheneg
Grab Bag: 4-10 Letters
pecheneg
2024 March Madness Bracket
pecheneg
Famous TV Couples
Peacemaker
Champions League XIs: Real Madrid
pecheneg
Largest US Cities 1790-2010
pecheneg
Rides in Walt Disney World
pecheneg
Most Oscar Losses (Acting)
pecheneg
Beyoncé Albums
pecheneg
Trending Topics
Kpop
Marvel
Disney
Anime
Harry Potter
Crossword
NBA
Pokémon
Song
NFL
WWE
Puzzle
Country
Soccer
The Office
Your Account Isn't Verified!
In order to create a playlist on Sporcle, you need to verify the email address you used during registration. Go to your
Sporcle Settings
to finish the process.
Report this User
Report this user for behavior that violates our
Community Guidelines
.
Details:
Send Report
Go to the Sporcle.com Mobile Site →
Comments